000
00269nam a2200097Ia 4500
008
231129s9999||||xx |||||||||||||| ||spa||
082
_a
(i)372.89 C268c
245
0
_a
Convivamos: Educación Básica Primaria
264
_a
Medellin : Susaeta Editores Ltda.
942
_2
ddc
_c
BKS
999
_c
8103
_d
8103